| Tag |
First Indicator |
Second Indicator |
Subfields |
| LEADER |
00000nam a2200000Ia 4500 |
| 001 |
in00004178613 |
| 005 |
20200807090322.0 |
| 006 |
m g d |
| 007 |
cr bn |||a|bb| |
| 008 |
830311s1692 enkc o 00| | eng d |
| 035 |
|
|
|a (OCoLC)9304134
|
| 040 |
|
|
|a UMI
|c UMI
|d WaOLN
|
| 037 |
|
|
|a CL0037000044
|b ProQuest Information and Learning. 300 N. Zeeb Rd., Ann Arbor, MI 48106
|
| 090 |
|
|
|a DA447.R6
|b B87
|
| 049 |
|
|
|a UMIA
|
| 100 |
1 |
|
|a Burnet, Gilbert,
|d 1643-1715.
|
| 245 |
1 |
0 |
|a Some passages of the life and death of the Right Honourable John Earl of Rochester :
|b who died the 26th of July, 1680 /
|c written by his own direction on his death-bed by Gilbert Burnet.
|
| 260 |
|
|
|a London :
|b Printed for Richard Chiswell,
|c 1692.
|
| 300 |
|
|
|a 1 online resource ([11], 182, [2] pages :
|b portrait.
|
| 336 |
|
|
|a text
|b txt
|2 rdacontent
|
| 337 |
|
|
|a computer
|b c
|2 rdamedia
|
| 338 |
|
|
|a online resource
|b cr
|2 rdacarrier
|
| 500 |
|
|
|a Reproduction of original in the Aberdeen University Library.
|
| 510 |
4 |
|
|a Wing
|c B5924.
|
| 533 |
|
|
|a Electronic reproduction.
|b Ann Arbor, Mich. :
|c UMI,
|d 1999-
|f (Early English books online)
|n Digital version of: (Early English books, 1641-1700 ; 1304:1)
|7 s1999 miun s
|
| 600 |
1 |
0 |
|a Rochester, John Wilmot,
|c Earl of,
|d 1647-1680.
|
| 830 |
|
0 |
|a Early English books online.
|
| 856 |
4 |
0 |
|u http://proxy.library.tamu.edu/login?url=https://search.proquest.com/docview/2248501558
|z Connect to the full text of this electronic book
|t 0
|
| 999 |
f |
f |
|s eb73f05a-a701-3f64-b42c-94e32b8c9f8b
|i a4105d68-2600-3d32-9804-b8006261545b
|t 0
|
| 952 |
f |
f |
|a Texas A&M University
|b College Station
|c Electronic Resources
|d Available Online
|t 0
|e DA447.R6 B87
|h Library of Congress classification
|
| 998 |
f |
f |
|a DA447.R6 B87
|t 0
|l Available Online
|